LEADER 01129nam a2200265 u 4500 001 000000038719 003 CaOOAMICUS 005 20070226113916.0 008 980427s1965 fr u000 u fre u 035 $a10792530 040 $aPUL(R)$bita 100 1 $aViney, Geneviève.$0(OLS)http://pul/name/28873 245 13$aLe déclin de la responsabilité individuelle /$cGeneviève Viney. 260 $aParis :$bPichon,$c1965. 300 $a416 p. ;$c25 cm 500 $aIn testa al front.: Université de Paris. Faculté de droit et des sciences economiques. 502 $aDiss. (dottorato)--Università di Parigi. Facoltà di diritto, 1963. 504 $aBibliografia: p. 387-402. 650 4$aResponsabilità (Diritto).$0(OLS)http://pul/subject/17883 850 $aPUL 852 $aPUL$W1$xSL Diritto e Scienze Sociali 1$y4$m172 B 12$j52714$nBK-PRI$b $qStampati$B52714$CPULBib$Z2$F52714 $H $81 941 1 $a8 961 $aINV: 25031 996 $6245$aLe déclin de la responsabilité individuelle$9(OLS)http://pul/title/52518 996 $6260$aParis :$bPichon$9(OLS)http://pul/publisher/55511 LEADER 01369nam a2200325 u 4500 001 000000030139 003 CaOOAMICUS 005 20070226112008.0 008 970909s1997 enk u000 u eng u 020 $a086078648X 035 $a10768771 040 $aEFR$bita 100 1 $aTierney, Brian,$d1922-2019.$0(OLS)http://pul/name/410 240 10$aGruppi, scelte$9(Tierney, Brian).$0(OLS)http://pul/title/41372 245 10$aRights, laws and infallibility in Medieval thought /$cBrian Tierney. 260 $aAldershot :$bVariorum,$c1997. 300 $aviii, 328 p. ;$c23 cm 490 1 $aCollected studies series ;$v578 500 $aIndex: p. [1]-9. 500 $aRecueil d'articles déjà parus. 504 $aBibliographie en note. 650 0$aNatural law$xHistory.$2//eng$0(OLS)http://pul/subject/17182 650 0$aCanon law$xHistory.$2//eng$0(OLS)http://pul/subject/400 830 0$aCollected studies series ;$v578.$0(OLS)http://pul/title/72 850 $aPUL 852 $aPUL$W1$xSL Filosofia 1$y2$m115 H 18$j41660$nBK-PRI$b $qStampati$B41660$CPULBib$Z2$F41660 $H $81 941 1 $a8 996 $6020$a086078648X$9(OLS)http://pul/number/37830 996 $6245$aRights, laws and infallibility in Medieval thought$9(OLS)http://pul/title/41373 996 $6260$aAldershot :$bVariorum$9(OLS)http://pul/publisher/48078